[Event "NRW-ch U18 Girls"]
[Site "Kranenburg"]
[Date "2008.03.26"]
[Round "4"]
[White "Stalder, Mandy"]
[Black "Turovskaja, Ludmila"]
[Result "1-0"]
[WhiteElo "1228"]
[BlackElo "1195"]
[PlyCount "47"]
[EventDate "2008.03.24"]
[EventType "swiss"]
[EventRounds "7"]
[EventCountry "GER"]
[SourceTitle "EXT 2009"]
[Source "ChessBase"]
[SourceDate "2008.11.26"]
[SourceVersion "1"]
[SourceVersionDate "2008.11.26"]
[SourceQuality "1"]

1. e4 e5 2. Nf3 Nc6 3. Bc4 Nf6 4. d3 Be7 5. Nc3 d6 6. h3 0-0 7. Be3 Be6 8. Nd5 h6 9. Qd2 b6 10. 0-0-0 Na5 11. Rdg1 Nxc4 12. dxc4 Nxe4 13. Qe2 Bxd5 14. cxd5 f5 15. g4 f4 16. Bd2 Nxd2 17. Qxd2 g5 18. Qd3 Qe8 19. h4 Rf7 20. hxg5 Bxg5 21. Nxg5 hxg5 22. Qh3 Rg7 23. Rh2 Qg6 24. Qh8+ 1-0

[Event "Recklinghausen op 16th"]
[Site "Recklinghausen"]
[Date "2006.10.13"]
[Round "6"]
[White "Imcke, Patrick"]
[Black "Turovskaja, Ludmila"]
[Result "1-0"]
[WhiteElo "1191"]
[BlackElo "1088"]
[PlyCount "85"]
[EventDate "2006.10.07"]
[EventType "swiss"]
[EventRounds "7"]
[EventCountry "GER"]
[SourceTitle "CBM 114 Extra"]
[Source "ChessBase"]
[SourceDate "2006.11.03"]
[SourceVersion "1"]
[SourceVersionDate "2006.11.03"]
[SourceQuality "1"]

1. e4 e5 2. Nf3 Nc6 3. Bb5 d6 4. d4 Bd7 5. 0-0 Nf6 6. dxe5 dxe5 7. Bxc6 Bxc6 8. Nxe5 Qxd1 9. Rxd1 Bxe4 10. Re1 Bd6 11. Ng4 0-0-0 12. Nxf6 gxf6 13. Rxe4 Bb4 14. f3 Rd1+ 15. Kf2 Rxc1 16. Rxb4 Rxc2+ 17. Kg3 Rg8+ 18. Kf4 Rgxg2 19. Nc3 Rxh2 20. Kf5 Rh6 21. Rd1 Rch2 22. Rg4 R2h5+ 23. Kf4 Rh4 24. Kg3 Rxg4+ 25. fxg4 Rg6 26. Nd5 Kd7 27. Nf4+ Kc6 28. Nxg6 fxg6 29. Rh1 f5 30. Rxh7 fxg4 31. Kxg4 Kb6 32. Rg7 c6 33. Rxg6 a6 34. Rg5 c5 35. Kf3 Kb5 36. Ke4 b6 37. Kd3 Ka5 38. Kc4 Ka4 39. Rg6 b5+ 40. Kxc5 Ka5 41. Rg3 b4 42. Rb3 Ka4 43. Rxb4+ 1-0